<?xml version="1.0" encoding="UTF-8"?>
<record
    xmlns:xsi="http://www.w3.org/2001/XMLSchema-instance"
    xsi:schemaLocation="http://www.loc.gov/MARC21/slim http://www.loc.gov/standards/marcxml/schema/MARC21slim.xsd"
    xmlns="http://www.loc.gov/MARC21/slim">

  <leader>00919nam a22002297a 4500</leader>
  <controlfield tag="005">20240530110553.0</controlfield>
  <controlfield tag="008">160220b2013    ua a   g b    000 0 ara d</controlfield>
  <datafield tag="017" ind1=" " ind2=" ">
    <subfield code="a">2012/22896</subfield>
    <subfield code="b">&#x645;&#x635;&#x631; . &#x62F;&#x627;&#x631; &#x627;&#x644;&#x643;&#x62A;&#x628; &#x627;&#x644;&#x645;&#x635;&#x631;&#x64A;&#x629; </subfield>
  </datafield>
  <datafield tag="020" ind1=" " ind2=" ">
    <subfield code="a">9772328956</subfield>
  </datafield>
  <datafield tag="040" ind1=" " ind2=" ">
    <subfield code="a">EG-CaGPL</subfield>
  </datafield>
  <datafield tag="082" ind1="0" ind2="4">
    <subfield code="2">21</subfield>
    <subfield code="a">155\</subfield>
    <subfield code="b">&#x639; &#x646;</subfield>
  </datafield>
  <datafield tag="100" ind1="0" ind2=" ">
    <subfield code="a">&#x639;&#x644;&#x627; &#x639;&#x628;&#x62F;&#x627;&#x644;&#x628;&#x627;&#x642;&#x649; &#x627;&#x628;&#x631;&#x627;&#x647;&#x64A;&#x645; .</subfield>
  </datafield>
  <datafield tag="245" ind1="1" ind2="2">
    <subfield code="a">&#x627;&#x644;&#x646;&#x645;&#x648; &#x627;&#x644;&#x627;&#x646;&#x633;&#x627;&#x646;&#x649; &#x648; &#x627;&#x62D;&#x62A;&#x64A;&#x627;&#x62C;&#x627;&#x62A; &#x627;&#x644;&#x646;&#x645;&#x648; &#x627;&#x644;&#x633;&#x648;&#x649; &#x645;&#x646; &#x627;&#x644;&#x62D;&#x645;&#x644; &#x627;&#x644;&#x649; &#x627;&#x644;&#x634;&#x64A;&#x62E;&#x648;&#x62E;&#x629; &#x641;&#x649; &#x627;&#x644;&#x627;&#x633;&#x644;&#x627;&#x645; &#x648; &#x639;&#x644;&#x645; &#x627;&#x644;&#x646;&#x641;&#x633; /</subfield>
    <subfield code="c">&#x639;&#x644;&#x627; &#x639;&#x628;&#x62F;&#x627;&#x644;&#x628;&#x627;&#x642;&#x649; &#x627;&#x628;&#x631;&#x627;&#x647;&#x64A;&#x645; .</subfield>
  </datafield>
  <datafield tag="250" ind1=" " ind2=" ">
    <subfield code="a">&#x637;1.</subfield>
  </datafield>
  <datafield tag="260" ind1=" " ind2=" ">
    <subfield code="a">&#x627;&#x644;&#x642;&#x627;&#x647;&#x631;&#x629; : </subfield>
    <subfield code="b">&#x639;&#x627;&#x644;&#x645; &#x627;&#x644;&#x643;&#x62A;&#x628; &#x60C;</subfield>
    <subfield code="c">2013 .</subfield>
  </datafield>
  <datafield tag="300" ind1=" " ind2=" ">
    <subfield code="a">240 &#x635; &#x61B;</subfield>
    <subfield code="c">24 &#x633;&#x645; .</subfield>
  </datafield>
  <datafield tag="504" ind1=" " ind2=" ">
    <subfield code="a">&#x628;&#x628;&#x644;&#x64A;&#x648;&#x62C;&#x631;&#x627;&#x641;&#x64A;&#x629; : &#x635; 235 - 240</subfield>
  </datafield>
  <datafield tag="650" ind1="0" ind2="4">
    <subfield code="a">&#x627;&#x644;&#x627;&#x633;&#x644;&#x627;&#x645; &#x648; &#x639;&#x644;&#x645; &#x627;&#x644;&#x646;&#x641;&#x633; .</subfield>
  </datafield>
  <datafield tag="650" ind1="0" ind2="4">
    <subfield code="a">&#x639;&#x644;&#x645; &#x646;&#x641;&#x633; &#x627;&#x644;&#x646;&#x645;&#x648; .</subfield>
  </datafield>
  <datafield tag="942" ind1=" " ind2=" ">
    <subfield code="2">ddc</subfield>
    <subfield code="c">BK</subfield>
  </datafield>
  <datafield tag="999" ind1=" " ind2=" ">
    <subfield code="c">62495</subfield>
    <subfield code="d">62495</subfield>
  </datafield>
  <datafield tag="952" ind1=" " ind2=" ">
    <subfield code="0">0</subfield>
    <subfield code="1">0</subfield>
    <subfield code="4">0</subfield>
    <subfield code="7">0</subfield>
    <subfield code="a">CAI</subfield>
    <subfield code="b">CAI</subfield>
    <subfield code="d">2016-07-27</subfield>
    <subfield code="l">0</subfield>
    <subfield code="o">155\ &#x639; &#x646;</subfield>
    <subfield code="p">162248</subfield>
    <subfield code="r">2016-07-27 00:00:00</subfield>
    <subfield code="w">2016-07-27</subfield>
    <subfield code="y">BK</subfield>
  </datafield>
</record>
